<?xml version="1.0" encoding="UTF-8"?>
<record
    xmlns:xsi="http://www.w3.org/2001/XMLSchema-instance"
    xsi:schemaLocation="http://www.loc.gov/MARC21/slim http://www.loc.gov/standards/marcxml/schema/MARC21slim.xsd"
    xmlns="http://www.loc.gov/MARC21/slim">

  <leader>02097na  a2200469   4500</leader>
  <controlfield tag="001">22951</controlfield>
  <controlfield tag="003">MIRAKIL</controlfield>
  <controlfield tag="005">20181213155254.0</controlfield>
  <controlfield tag="008">170304b        tu            000 0      </controlfield>
  <datafield tag="035" ind1=" " ind2=" ">
    <subfield code="a">13419</subfield>
  </datafield>
  <datafield tag="040" ind1=" " ind2=" ">
    <subfield code="a">Milas</subfield>
    <subfield code="b">tur</subfield>
    <subfield code="c">TR-AnCHP</subfield>
  </datafield>
  <datafield tag="041" ind1=" " ind2=" ">
    <subfield code="a">tur</subfield>
  </datafield>
  <datafield tag="082" ind1=" " ind2=" ">
    <subfield code="a">CHP 324.9561</subfield>
    <subfield code="b">T96 2006/11</subfield>
  </datafield>
  <datafield tag="090" ind1=" " ind2=" ">
    <subfield code="a">CHP 324.9561 T96 2006/11</subfield>
  </datafield>
  <datafield tag="091" ind1=" " ind2=" ">
    <subfield code="a">AR&#x15E;&#x130;V-SE&#xC7;MEN ARA&#x15E;TIRMALARI</subfield>
  </datafield>
  <datafield tag="245" ind1=" " ind2=" ">
    <subfield code="a">T&#xFC;rkiye g&#xFC;ndemi ve politik tercihler kamuoyu ara&#x15F;t&#x131;rmas&#x131; raporu</subfield>
    <subfield code="b">Rapor tarihi: 30 Kas&#x131;m 2006 ; Saha &#xE7;al&#x131;&#x15F;mas&#x131; 20-29 Kas&#x131;m 2006</subfield>
    <subfield code="c">[haz&#x131;rlayan] Konsensus Ara&#x15F;t&#x131;rma Dan&#x131;&#x15F;manl&#x131;k</subfield>
  </datafield>
  <datafield tag="246" ind1=" " ind2=" ">
    <subfield code="a">2006 siyasi e&#x11F;ilimler ara&#x15F;t&#x131;rmas&#x131;</subfield>
  </datafield>
  <datafield tag="246" ind1=" " ind2=" ">
    <subfield code="a">2006 siyasal durum ara&#x15F;t&#x131;rmas&#x131;</subfield>
  </datafield>
  <datafield tag="260" ind1=" " ind2=" ">
    <subfield code="a">Ankara</subfield>
    <subfield code="b">Konsensus</subfield>
    <subfield code="c">Ekim 2006</subfield>
  </datafield>
  <datafield tag="300" ind1=" " ind2=" ">
    <subfield code="a">34 s.</subfield>
    <subfield code="b">tbl.; grf.</subfield>
    <subfield code="c">30 sm.</subfield>
  </datafield>
  <datafield tag="500" ind1=" " ind2=" ">
    <subfield code="a">"Say&#x131;n Korur Kalender n&#xFC;shas&#x131;"</subfield>
  </datafield>
  <datafield tag="500" ind1=" " ind2=" ">
    <subfield code="a">Yerel numaradaki say&#x131;lar ara&#x15F;t&#x131;rman&#x131;n yap&#x131;ld&#x131;&#x11F;&#x131; aylar&#x131; temsil eder : Ocak -1 ; &#x15E;ubat - 2 ; Mart - 3 ; Nisan - 4 ; May&#x131;s - 5; Haziran - 6 ; Temmuz - 7; A&#x11F;ustos - 8; Eyl&#xFC;l - 9; Ekim - 10; Kas&#x131;m - 11 ; Aral&#x131;k - 12.</subfield>
  </datafield>
  <datafield tag="610" ind1=" " ind2=" ">
    <subfield code="a">CHP</subfield>
    <subfield code="x">Kamuoyu ara&#x15F;t&#x131;rmalar&#x131;</subfield>
    <subfield code="y">Siyasal e&#x11F;ilim</subfield>
    <subfield code="z">T&#xFC;rkiye</subfield>
  </datafield>
  <datafield tag="650" ind1=" " ind2=" ">
    <subfield code="a">Siyasal e&#x11F;ilim</subfield>
    <subfield code="z">T&#xFC;rkiye</subfield>
  </datafield>
  <datafield tag="650" ind1=" " ind2=" ">
    <subfield code="a">Yerel y&#xF6;netimler</subfield>
    <subfield code="x">Kamuoyu ara&#x15F;t&#x131;rmalar&#x131;</subfield>
    <subfield code="y">Siyasal e&#x11F;ilim</subfield>
    <subfield code="z">T&#xFC;rkiye</subfield>
  </datafield>
  <datafield tag="650" ind1=" " ind2=" ">
    <subfield code="a">Kamuoyu ara&#x15F;t&#x131;rmalar&#x131;</subfield>
    <subfield code="x">Se&#xE7;imler</subfield>
    <subfield code="z">T&#xFC;rkiye</subfield>
  </datafield>
  <datafield tag="650" ind1=" " ind2=" ">
    <subfield code="a">Yerel y&#xF6;netimler</subfield>
    <subfield code="x">Kamuoyu ara&#x15F;t&#x131;rmalar&#x131;</subfield>
    <subfield code="z">T&#xFC;rkiye</subfield>
  </datafield>
  <datafield tag="651" ind1=" " ind2=" ">
    <subfield code="a">T&#xFC;rkiye</subfield>
    <subfield code="x">Siyaset ve y&#xF6;netim</subfield>
  </datafield>
  <datafield tag="657" ind1=" " ind2=" ">
    <subfield code="a">CHP hizmet e beklenti ara&#x15F;t&#x131;rmas&#x131;</subfield>
  </datafield>
  <datafield tag="657" ind1=" " ind2=" ">
    <subfield code="a">CHP siyasal e&#x11F;ilim ara&#x15F;t&#x131;rmas&#x131;</subfield>
  </datafield>
  <datafield tag="657" ind1=" " ind2=" ">
    <subfield code="a">CHP kamuoyu ara&#x15F;t&#x131;rmas&#x131;</subfield>
  </datafield>
  <datafield tag="657" ind1=" " ind2=" ">
    <subfield code="a">CHP se&#xE7;men ara&#x15F;trmas&#x131;</subfield>
  </datafield>
  <datafield tag="710" ind1=" " ind2=" ">
    <subfield code="a">Konsensus Ara&#x15F;t&#x131;rma Dan&#x131;&#x15F;manl&#x131;k</subfield>
  </datafield>
  <datafield tag="740" ind1=" " ind2=" ">
    <subfield code="a">2007 siyasal durum ara&#x15F;t&#x131;rmas&#x131;</subfield>
  </datafield>
  <datafield tag="740" ind1=" " ind2=" ">
    <subfield code="a">2007 T&#xFC;rkiye g&#xFC;ndemi ve politik tercihler kamuoyu ara&#x15F;t&#x131;rmas&#x131;</subfield>
  </datafield>
  <datafield tag="740" ind1=" " ind2=" ">
    <subfield code="a">2007 siyasal e&#x11F;ilim ara&#x15F;t&#x131;rmalar&#x131;</subfield>
  </datafield>
  <datafield tag="740" ind1=" " ind2=" ">
    <subfield code="a">2007 kamuoyu ara&#x15F;t&#x131;rmalar&#x131;</subfield>
  </datafield>
  <datafield tag="740" ind1=" " ind2=" ">
    <subfield code="a">2007 se&#xE7;men ara&#x15F;t&#x131;rmalar&#x131;</subfield>
  </datafield>
  <datafield tag="830" ind1=" " ind2=" ">
    <subfield code="a">CHP kamuoyu ara&#x15F;t&#x131;rmalar&#x131;</subfield>
  </datafield>
  <datafield tag="942" ind1=" " ind2=" ">
    <subfield code="2">ddc</subfield>
    <subfield code="c">BKS</subfield>
  </datafield>
  <datafield tag="952" ind1=" " ind2=" ">
    <subfield code="a">0001</subfield>
    <subfield code="b">0001</subfield>
    <subfield code="d">2017-03-04</subfield>
    <subfield code="e">2</subfield>
    <subfield code="l">0</subfield>
    <subfield code="o">CHP 324.9561 T96 2006/11</subfield>
    <subfield code="p">016894</subfield>
    <subfield code="r">2017-03-04 00:00:00</subfield>
    <subfield code="v">0.00</subfield>
    <subfield code="w">2017-03-04</subfield>
    <subfield code="y">BKS</subfield>
  </datafield>
  <datafield tag="999" ind1=" " ind2=" ">
    <subfield code="c">9707</subfield>
    <subfield code="d">9707</subfield>
  </datafield>
</record>
